000 00391nam a2200145 4500
005 20260530115255.0
100 1 _aHenry Drefuss
_930388
245 1 0 _aDesigning for People
264 1 _bParagraphic Books, New York
_c1955
300 _a232 páginas
500 _aLibro muy especial / Relevante
336 _atexto
_2rdacontent
337 _asin medio
_2rdamedia
338 _avolumen
_2rdacarrier
999 _c12571
_d12571